[Event "5th Dos Hermanas it"]
[Site "Dos Hermanas ESP"]
[Date "1993.??.??"]
[Round "2"]
[White "Adams, Michael"]
[Black "Khalifman, Alexander"]
[Result "0-1"]
[WhiteElo "2630"]
[BlackElo "2630"]
[EventDate "1993.04.??"]
[PlyCount "140"]

1.d4 Nf6 2.Bg5 Ne4 3.Bf4 c5 4.f3 Nf6 5.d5 g6 6.e4 Bg7 7.Nc3 O-O 8.Nh3 d6 
9.Nf2 Na6 10.Qd2 Nc7 11.a4 b6 12.Be2 a6 13.O-O Rb8 14.Bh6 b5 15.Bxg7 Kxg7 
16.f4 e6 17.axb5 axb5 18.dxe6 Bxe6 19.Bf3 b4 20.Ncd1 d5 21.e5 Nd7 22.c3 
bxc3 23.bxc3 Nb5 24.Be2 c4 25.Ne3 Nc5 26.Rad1 Qa5 27.f5 Nb3 28.Nxc4 Nxd2 
29.Nxa5 Nxf1 30.fxe6 Nxc3 31.e7 Rfe8 32.Kxf1 Nxd1 33.Bxd1 Rb6 34.Nb3 Rxe7 
35.Nd3 Rc7 36.Ke2 Rc4 37.Nd2 Rc3 38.Ke3 Rb4 39.Bf3 Rb5 40.Kd4 Ra3 41.Nf1 
Kf8 42.Ng3 Rbb3 43.Be2 Ke7 44.Nh1 Ra2 45.Bf3 Ra4+ 46.Ke3 Rxd3+ 47.Kxd3 Ke6
48.Nf2 h5 49.Ke3 Kxe5 50.Nd3+ Kd6 51.Nf4 Ra3+ 52.Kd4 Ra4+ 53.Ke3 d4+ 54.
Ke4 f5+ 55.Kd3 g5 56.Nxh5 Ke5 57.Ng3 Ra3+ 58.Kd2 Ra2+ 59.Kd3 Ra3+ 60.Kd2 
d3 61.Nxf5 Kxf5 62.Ke3 Ke5 63.h3 Rb3 64.Bd1 Ra3 65.Bf3 d2+ 66.Kxd2 Kf4 67.
Ke2 Kg3 68.Ke1 Ra1+ 69.Ke2 Rg1 70.Ke3 Rxg2 0-1

[Event "5th Dos Hermanas it"]
[Site "Dos Hermanas ESP"]
[Date "1993.??.??"]
[Round "2"]
[White "Epishin, Vladimir"]
[Black "Fernandez Garcia, Jose Luis"]
[Result "1-0"]
[WhiteElo "2620"]
[BlackElo "2475"]
[EventDate "1993.04.??"]
[PlyCount "69"]

1.d4 Nf6 2.c4 e6 3.Nf3 c5 4.d5 b5 5.Bg5 Qa5+ 6.Nc3 Ne4 7.Bd2 Nxd2 8.Nxd2 
b4 9.Nce4 f5 10.Ng3 Bd6 11.e4 O-O 12.Bd3 Be5 13.exf5 exd5 14.f6 Bxf6 15.
Qh5 g6 16.Qxd5+ Kg7 17.Nge4 Qc7 18.Nxf6 Rxf6 19.Be4 Rb6 20.Nb3 Bb7 21.Qxc5
Qxc5 22.Nxc5 Bxe4 23.Nxe4 Rc6 24.b3 Ra6 25.Ke2 Nc6 26.Rhd1 Rd8 27.Rd2 Nb8 
28.Ke3 Re8 29.f3 Re5 30.c5 Ra5 31.Rc1 Kh6 32.g4 Kg7 33.Rc4 Rb5 34.Rdd4 a5 
35.Kf4 1-0

[Event "5th Dos Hermanas it"]
[Site "Dos Hermanas ESP"]
[Date "1993.??.??"]
[Round "2"]
[White "Izeta Txabarri, Felix"]
[Black "Karpov, Anatoly"]
[Result "0-1"]
[WhiteElo "2505"]
[BlackElo "2725"]
[EventDate "1993.04.??"]
[PlyCount "80"]

1.e4 c6 2.d4 d5 3.Nd2 dxe4 4.Nxe4 Nd7 5.Bc4 Ngf6 6.Ng5 e6 7.Qe2 Nb6 8.Bd3 
h6 9.N5f3 c5 10.dxc5 Bxc5 11.Ne5 Nbd7 12.Ngf3 Qc7 13.O-O O-O 14.Re1 Bd6 
15.Nc4 Be7 16.Nce5 Nc5 17.Bc4 a6 18.a3 b5 19.Ba2 Bb7 20.Be3 Nce4 21.Bd4 
Rad8 22.c3 Bc5 23.Nd3 Bxd4 24.Nxd4 Rd6 25.Rac1 Rfd8 26.f3 Nc5 27.Ne5 Bd5 
28.b3 Qb6 29.Kh1 Ncd7 30.Bb1 Nxe5 31.Qxe5 Bb7 32.Qe2 Qc5 33.b4 Qg5 34.Qf2 
Nh5 35.Rcd1 e5 36.Qc2 g6 37.Nb3 Qh4 38.Kg1 e4 39.fxe4 Bxe4 40.Qc1 Qg4 0-1

[Event "5th Dos Hermanas it"]
[Site "Dos Hermanas ESP"]
[Date "1993.??.??"]
[Round "3"]
[White "Karpov, Anatoly"]
[Black "Adams, Michael"]
[Result "1-0"]
[WhiteElo "2725"]
[BlackElo "2630"]
[EventDate "1993.04.??"]
[PlyCount "81"]

1.Nf3 Nf6 2.c4 c5 3.Nc3 b6 4.d4 cxd4 5.Nxd4 Bb7 6.f3 e6 7.e4 Nc6 8.Be3 Bc5
9.Qd2 O-O 10.O-O-O Qb8 11.Be2 Rd8 12.Bf4 Qc8 13.Nxc6 Bxc6 14.e5 Ne8 15.Bg5
f6 16.exf6 Nxf6 17.Bd3 Be7 18.Kb1 a6 19.Rhe1 Qb7 20.Bc2 b5 21.Nd5 Bxd5 22.
cxd5 Nxd5 23.Be4 Bxg5 24.Qxg5 Qb6 25.Bxd5 exd5 26.Re7 Qg6+ 27.Qxg6 hxg6 
28.Rxd5 Ra7 29.Rd6 Kh7 30.Re4 Rc7 31.Rxa6 d5 32.Rh4+ Kg8 33.Rd4 Kf7 34.
Rf4+ Kg8 35.Rd4 Kf7 36.Rb6 Rc4 37.Rd2 b4 38.b3 Rf4 39.Kc2 g5 40.h3 Rd7 41.
Kd1 1-0

[Event "5th Dos Hermanas it"]
[Site "Dos Hermanas ESP"]
[Date "1993.??.??"]
[Round "3"]
[White "Magem Badals, Jordi"]
[Black "Epishin, Vladimir"]
[Result "1/2-1/2"]
[WhiteElo "2510"]
[BlackElo "2620"]
[EventDate "1993.04.??"]
[PlyCount "70"]

1.e4 c5 2.Nf3 e6 3.d4 cxd4 4.Nxd4 Nf6 5.Nc3 d6 6.Be3 Be7 7.g4 h5 8.gxh5 
Rxh5 9.Bg2 Bd7 10.Qe2 Nc6 11.O-O-O a6 12.f4 Qc7 13.Bf3 Rh7 14.Nb3 Kf8 15.
h4 Be8 16.h5 b5 17.a3 Rb8 18.f5 b4 19.axb4 Nxb4 20.h6 g6 21.fxg6 fxg6 22.
Nd4 Bf7 23.Bg4 Qb7 24.Bxe6 Nxe4 25.Nxe4 Qxe4 26.Bxf7 Kxf7 27.Qf3+ Qxf3 28.
Nxf3 Rb5 29.Rdf1 Ke8 30.Rfg1 Rh5 31.Bd2 Nd5 32.Rh2 Rxh2 33.Nxh2 Kf7 34.Nf3
Nc7 35.Rf1 Ke8 1/2-1/2

[Event "5th Dos Hermanas it"]
[Site "Dos Hermanas ESP"]
[Date "1993.??.??"]
[Round "4"]
[White "Epishin, Vladimir"]
[Black "Yudasin, Leonid"]
[Result "1/2-1/2"]
[WhiteElo "2620"]
[BlackElo "2610"]
[EventDate "1993.04.??"]
[PlyCount "48"]

1.d4 Nf6 2.c4 e6 3.Nf3 b6 4.g3 Ba6 5.b3 d5 6.Bg2 Bb4+ 7.Bd2 Bd6 8.cxd5 
exd5 9.Nc3 O-O 10.Bg5 Bb4 11.Rc1 Nbd7 12.O-O Re8 13.Re1 Bb7 14.Qd3 h6 15.
Bxf6 Nxf6 16.Nd2 Re7 17.Red1 a5 18.e3 Qd7 19.Qc2 Rae8 20.Ne2 Ne4 21.Nxe4 
dxe4 22.Nc3 h5 23.Qe2 h4 24.Qh5 hxg3 1/2-1/2

[Event "5th Dos Hermanas it"]
[Site "Dos Hermanas ESP"]
[Date "1993.??.??"]
[Round "4"]
[White "Izeta Txabarri, Felix"]
[Black "Magem Badals, Jordi"]
[Result "1/2-1/2"]
[WhiteElo "2505"]
[BlackElo "2510"]
[EventDate "1993.04.??"]
[PlyCount "124"]

1.d4 d5 2.c4 dxc4 3.Nf3 Nf6 4.e3 e6 5.Bxc4 c5 6.Qe2 cxd4 7.exd4 Be7 8.O-O 
O-O 9.Nc3 Nbd7 10.Bg5 Nb6 11.Bb3 Bd7 12.Ne5 Bc6 13.Nxc6 bxc6 14.Rfd1 Nfd5 
15.Bxe7 Nxe7 16.Rac1 Rc8 17.Bc2 Rc7 18.Qe4 Ng6 19.g3 Qf6 20.Qg4 Rfc8 21.
Ne4 Qe7 22.Ng5 Nf8 23.Bb3 h6 24.Nf3 Nfd7 25.Ne5 Nf6 26.Qf3 c5 27.dxc5 Rxc5
28.Rxc5 Qxc5 29.Nd3 Qa5 30.Nf4 Qe5 31.Qb7 Qc7 32.Qa6 Nbd7 33.Nd3 Nc5 34.
Nxc5 Qxc5 35.Qe2 g6 36.Rd3 Rc7 37.Rc3 Qd6 38.Rxc7 Qxc7 39.Bc4 Qc5 40.a3 h5
41.b4 Qd4 42.Qd3 Qb2 43.Qe3 Qc2 44.Bxe6 Ng4 45.Bxg4 hxg4 46.Qe8+ Kg7 47.
Kg2 Qd3 48.Qe5+ Kg8 49.Qe8+ Kg7 50.Qe5+ Kg8 51.Qa1 Qb3 52.Qd4 Qf3+ 53.Kg1 
Qxa3 54.Qxg4 a5 55.b5 Qb3 56.Qc8+ Kg7 57.Qc5 a4 58.b6 a3 59.Qd4+ Kg8 60.
Qd8+ Kg7 61.Qd4+ Kg8 62.Qd8+ Kg7 1/2-1/2

[Event "5th Dos Hermanas it"]
[Site "Dos Hermanas ESP"]
[Date "1993.??.??"]
[Round "4"]
[White "Karpov, Anatoly"]
[Black "Fernandez Garcia, Jose Luis"]
[Result "1-0"]
[WhiteElo "2725"]
[BlackElo "2475"]
[EventDate "1993.04.??"]
[PlyCount "53"]

1.d4 Nf6 2.c4 g6 3.Nc3 d5 4.cxd5 Nxd5 5.e4 Nxc3 6.bxc3 Bg7 7.Be3 c5 8.Qd2 
O-O 9.Nf3 Qa5 10.Rc1 b6 11.d5 Bg4 12.Ng5 Na6 13.h3 Bd7 14.Be2 Rad8 15.O-O 
e6 16.Bf4 Ba4 17.Rfe1 exd5 18.exd5 b5 19.d6 h6 20.Ne4 Kh7 21.h4 Qb6 22.Bd3
c4 23.Bb1 Nc5 24.h5 Nd3 25.Bxd3 cxd3 26.Qxd3 Qc6 27.Qh3 1-0

[Event "5th Dos Hermanas it"]
[Site "Dos Hermanas ESP"]
[Date "1993.??.??"]
[Round "5"]
[White "Fernandez Garcia, Jose Luis"]
[Black "Adams, Michael"]
[Result "1/2-1/2"]
[WhiteElo "2475"]
[BlackElo "2630"]
[EventDate "1993.04.??"]
[PlyCount "92"]

1.e4 c5 2.Nf3 e6 3.d4 cxd4 4.Nxd4 Nc6 5.g3 Bc5 6.Nb3 Be7 7.Bg2 Nf6 8.O-O 
O-O 9.c4 d6 10.Nc3 Ne5 11.Qe2 Qc7 12.Nd2 a6 13.f4 Nc6 14.Nb3 b6 15.Be3 Nd7
16.Rac1 Nc5 17.Nd4 Bb7 18.Nxc6 Qxc6 19.b4 Nd7 20.Rfd1 Qc7 21.Qf2 Rab8 22.
Na4 Ba8 23.c5 bxc5 24.bxc5 dxc5 25.Nxc5 Nxc5 26.Bxc5 Bxc5 27.Rxc5 Qe7 28.
Rc2 Rb4 29.e5 Bxg2 30.Kxg2 g6 31.Qf3 Rfb8 32.Rd6 Rb2 33.Rdd2 Rb1 34.Rd1 
R8b2 35.Rdd2 Rxc2 36.Rxc2 Kg7 37.Kh3 Qd7 38.Kg2 a5 39.Kh3 a4 40.Kg2 Qd4 
41.Kh3 h5 42.Rc8 Qd1 43.Qa3 Qg4+ 44.Kg2 Qe2+ 45.Kh3 Kh7 46.Rh8+ Kxh8 
1/2-1/2

[Event "5th Dos Hermanas it"]
[Site "Dos Hermanas ESP"]
[Date "1993.??.??"]
[Round "5"]
[White "Khalifman, Alexander"]
[Black "Epishin, Vladimir"]
[Result "1/2-1/2"]
[WhiteElo "2630"]
[BlackElo "2620"]
[EventDate "1993.04.??"]
[PlyCount "50"]

1.e4 c6 2.d4 d5 3.Nd2 dxe4 4.Nxe4 Nd7 5.Ng5 Ngf6 6.Bd3 e6 7.N1f3 Bd6 8.Qe2
h6 9.Ne4 Nxe4 10.Qxe4 Qc7 11.Bd2 b6 12.Qg4 Kf8 13.O-O-O Bb7 14.Rhe1 Rd8 
15.Kb1 Nf6 16.Qh4 Ke7 17.Ne5 c5 18.f4 cxd4 19.g4 g5 20.Qf2 Rhg8 21.h3 a5 
22.Re2 Nd5 23.Rde1 Ne3 24.Bxe3 dxe3 25.Qxe3 Qc5 1/2-1/2

[Event "5th Dos Hermanas it"]
[Site "Dos Hermanas ESP"]
[Date "1993.??.??"]
[Round "5"]
[White "Magem Badals, Jordi"]
[Black "Karpov, Anatoly"]
[Result "0-1"]
[WhiteElo "2510"]
[BlackElo "2725"]
[EventDate "1993.04.??"]
[PlyCount "66"]

1.e4 e5 2.Nf3 Nc6 3.Bb5 a6 4.Ba4 Nf6 5.O-O Be7 6.Re1 b5 7.Bb3 d6 8.c3 O-O 
9.h3 Bb7 10.d4 Re8 11.Ng5 Rf8 12.Nf3 Re8 13.Nbd2 Bf8 14.Bc2 g6 15.d5 Nb8 
16.b3 c6 17.c4 Qc7 18.Nf1 Nbd7 19.Be3 Nc5 20.Ng3 a5 21.Qd2 Nfd7 22.cxb5 
cxd5 23.exd5 Nf6 24.Rac1 Nxd5 25.Bxc5 dxc5 26.Bd3 Rad8 27.Bc4 Bg7 28.Ne4 
Nf6 29.Qc2 Nxe4 30.Rxe4 Bxe4 31.Qxe4 Bh6 32.Re1 Kg7 33.g4 Bf4 0-1

[Event "5th Dos Hermanas it"]
[Site "Dos Hermanas ESP"]
[Date "1993.??.??"]
[Round "6"]
[White "Fernandez Garcia, Jose Luis"]
[Black "Magem Badals, Jordi"]
[Result "0-1"]
[WhiteElo "2475"]
[BlackElo "2510"]
[EventDate "1993.04.??"]
[PlyCount "96"]

1.e4 c6 2.c4 d5 3.cxd5 cxd5 4.exd5 Nf6 5.Bb5+ Nbd7 6.Nc3 a6 7.Qa4 Rb8 8.
Bxd7+ Qxd7 9.Qxd7+ Bxd7 10.Nf3 Rd8 11.b3 Bf5 12.Bb2 Nxd5 13.Nxd5 Rxd5 14.
Rc1 f6 15.O-O Kd7 16.d4 Bd3 17.Rfe1 e6 18.Re3 Bb5 19.Nd2 Bd6 20.Ne4 Bf4 
21.Nc5+ Rxc5 22.dxc5 Bxe3 23.Rd1+ Kc7 24.fxe3 Rd8 25.Rxd8 Kxd8 26.e4 Kd7 
27.Kf2 Bd3 28.Ke3 Bb1 29.a3 Kc6 30.e5 f5 31.Kd4 f4 32.h4 Bc2 33.b4 h6 34.
Bc1 g5 35.hxg5 hxg5 36.g3 fxg3 37.Bxg5 Kd7 38.Ke3 g2 39.Kf2 Be4 40.a4 Kc6 
41.Be7 Kd5 42.c6 bxc6 43.Bd6 a5 44.bxa5 c5 45.Bc7 c4 46.Bb6 c3 47.Ke2 Kxe5
48.a6 Kd5 0-1

[Event "5th Dos Hermanas it"]
[Site "Dos Hermanas ESP"]
[Date "1993.??.??"]
[Round "6"]
[White "Karpov, Anatoly"]
[Black "Yudasin, Leonid"]
[Result "1-0"]
[WhiteElo "2725"]
[BlackElo "2610"]
[EventDate "1993.04.??"]
[PlyCount "111"]

1.d4 Nf6 2.c4 e6 3.Nf3 b6 4.g3 Ba6 5.b3 d5 6.Bg2 Bb4+ 7.Bd2 Bd6 8.cxd5 
exd5 9.Nc3 O-O 10.O-O Nbd7 11.Re1 c5 12.Be3 Bb7 13.Nh4 Ng4 14.Nxd5 Bxd5 
15.Bxd5 Nxe3 16.fxe3 Rc8 17.Qd3 Nf6 18.Bc4 g6 19.Rf1 Kg7 20.Rf3 Ng4 21.h3 
Nh6 22.Ng2 Nf5 23.Raf1 b5 24.Bd5 Qg5 25.dxc5 Bxc5 26.h4 Qe7 27.Rxf5 gxf5 
28.Rxf5 f6 29.Kh2 Bd6 30.Qxb5 Kh8 31.Qd3 Qc7 32.Nf4 Rfe8 33.Kg2 Re7 34.Bf3
Rg7 35.g4 Bxf4 36.exf4 Rd8 37.Qc4 Qe7 38.Qc3 Rd6 39.Rc5 Rd8 40.Rc6 Rd6 41.
Rc4 Rd8 42.Rc6 Rd6 43.Rc5 Rd8 44.b4 Rdg8 45.Kf2 Qd6 46.Rf5 Rf8 47.Qc5 Qd8 
48.Rd5 Qb8 49.Qd4 Qc8 50.b5 Rxg4 51.Bxg4 Qxg4 52.f5 Qh3 53.Ke1 Rf7 54.Kd2 
Qg3 55.a4 Kg7 56.Rd7 1-0

[Event "5th Dos Hermanas it"]
[Site "Dos Hermanas ESP"]
[Date "1993.??.??"]
[Round "7"]
[White "Khalifman, Alexander"]
[Black "Karpov, Anatoly"]
[Result "1/2-1/2"]
[WhiteElo "2630"]
[BlackElo "2725"]
[EventDate "1993.04.??"]
[PlyCount "85"]

1.Nf3 Nf6 2.c4 c5 3.Nc3 d5 4.cxd5 Nxd5 5.d4 e6 6.e4 Nxc3 7.bxc3 cxd4 8.
cxd4 Nc6 9.Bc4 Bb4+ 10.Bd2 Bxd2+ 11.Qxd2 O-O 12.O-O b6 13.Rad1 Na5 14.Bd3 
Bb7 15.Qf4 Qf6 16.Qg3 Qe7 17.d5 Rad8 18.e5 Bxd5 19.Bxh7+ Kxh7 20.Rxd5 Rxd5
21.Ng5+ Kg8 22.Qh4 Qxg5 23.Qxg5 Nc6 24.f4 Nd4 25.h4 Rc8 26.Qg4 Nf5 27.Re1 
Rc4 28.h5 Rdd4 29.Qf3 Rxf4 30.Qa8+ Kh7 31.Qxa7 Rg4 32.Qxf7 Rc2 33.Qb7 Nh4 
34.Kf1 Nxg2 35.Re4 Rg5 36.Qe7 Rf5+ 37.Kg1 Nf4 38.Rxf4 Rxf4 39.Qxe6 Rcc4 
40.Qg6+ Kh8 41.Qe8+ Kh7 42.Qg6+ Kh8 43.Qe8+ 1/2-1/2

[Event "5th Dos Hermanas it"]
[Site "Dos Hermanas ESP"]
[Date "1993.??.??"]
[Round "7"]
[White "Rivas Pastor, Manuel"]
[Black "Epishin, Vladimir"]
[Result "1-0"]
[WhiteElo "2515"]
[BlackElo "2620"]
[EventDate "1993.04.??"]
[PlyCount "115"]

1.d4 d6 2.Bg5 h6 3.Bh4 c5 4.dxc5 Qa5+ 5.c3 Qxc5 6.Nd2 Nc6 7.e4 g6 8.f4 Bg7
9.Nc4 Nf6 10.Bf2 Qh5 11.Qxh5 Nxh5 12.g3 Nf6 13.Bg2 O-O 14.Ne2 Rd8 15.Ne3 
e5 16.Rd1 b6 17.O-O Bb7 18.c4 exf4 19.gxf4 Re8 20.Nc3 Nb4 21.a3 Na6 22.
Rxd6 Nxe4 23.Nxe4 Bxe4 24.b4 Rac8 25.Rfd1 Bxg2 26.Kxg2 Nb8 27.Kf3 Nc6 28.
Nd5 Kf8 29.c5 b5 30.Nf6 Re6 31.Rxe6 fxe6 32.Ne4 a5 33.bxa5 Nxa5 34.Rd7 Nc6
35.Nd6 Ra8 36.Nxb5 Ra5 37.Rb7 g5 38.fxg5 hxg5 39.Kg4 Bf6 40.Kh5 Be7 41.Be3
Ke8 42.Bd2 Ra4 43.Bxg5 Bxc5 44.Rc7 Ra6 45.Rh7 Kf8 46.Nc7 Ra5 47.Nxe6+ Ke8 
48.Nxc5 Rxc5 49.Rc7 Rc4 50.a4 Kf8 51.h4 Kg8 52.Kh6 Kf8 53.Bf6 Ke8 54.h5 
Kf8 55.Kh7 Ke8 56.h6 Kf8 57.Kg6 Ke8 58.Rxc6 1-0

[Event "5th Dos Hermanas it"]
[Site "Dos Hermanas ESP"]
[Date "1993.??.??"]
[Round "8"]
[White "Adams, Michael"]
[Black "Epishin, Vladimir"]
[Result "0-1"]
[WhiteElo "2630"]
[BlackElo "2620"]
[EventDate "1993.04.??"]
[PlyCount "90"]

1.d4 Nf6 2.Bg5 e6 3.e4 h6 4.Bxf6 Qxf6 5.Nf3 d6 6.Nc3 g6 7.e5 Qe7 8.Qd2 Bg7
9.O-O-O a6 10.h4 Bd7 11.Ne4 Bc6 12.Qf4 Bxe4 13.Qxe4 c6 14.Qf4 dxe5 15.Nxe5
Nd7 16.Nc4 Nf6 17.Nd6+ Kf8 18.Nc4 h5 19.Kb1 Rd8 20.Be2 Nd5 21.Qg3 c5 22.
Ne5 Qf6 23.Qa3 Kg8 24.Qxc5 Qxf2 25.Qa5 Rc8 26.Qe1 Qxg2 27.Bd3 Nf4 28.Be4 
Qe2 29.Qxe2 Nxe2 30.Bxb7 Rb8 31.Bxa6 Nc3+ 32.Ka1 Nxd1 33.Rxd1 Bxe5 34.dxe5
Kg7 35.c4 Rhd8 36.Rc1 g5 37.c5 Rd2 38.Bc4 Rdxb2 39.hxg5 R2b7 40.Bd3 Rc7 
41.a4 Rb4 42.Bb5 Ra7 43.Bc6 Ra6 44.Bd7 Rb7 45.Rd1 Ra5 0-1

[Event "5th Dos Hermanas it"]
[Site "Dos Hermanas ESP"]
[Date "1993.??.??"]
[Round "8"]
[White "Fernandez Garcia, Jose Luis"]
[Black "Khalifman, Alexander"]
[Result "1/2-1/2"]
[WhiteElo "2475"]
[BlackElo "2630"]
[EventDate "1993.04.??"]
[PlyCount "38"]

1.e4 c5 2.Nf3 Nc6 3.d4 cxd4 4.Nxd4 Nf6 5.Nc3 d6 6.Bg5 e6 7.Qd2 a6 8.O-O-O 
h6 9.Bf4 Bd7 10.Nxc6 Bxc6 11.Qe2 Qa5 12.Bxd6 Bxd6 13.Rxd6 Qb4 14.Rd2 Nxe4 
15.Nxe4 Qxe4 16.Qxe4 Bxe4 17.f3 Bc6 18.Bd3 Ke7 19.Re1 Rhd8 1/2-1/2

[Event "5th Dos Hermanas it"]
[Site "Dos Hermanas ESP"]
[Date "1993.??.??"]
[Round "8"]
[White "Izeta Txabarri, Felix"]
[Black "Rivas Pastor, Manuel"]
[Result "0-1"]
[WhiteElo "2505"]
[BlackElo "2515"]
[EventDate "1993.04.??"]
[PlyCount "80"]

1.c4 f5 2.g3 Nf6 3.Bg2 e6 4.Nf3 d5 5.O-O c6 6.b3 Be7 7.Ba3 O-O 8.Bxe7 Qxe7
9.d4 Nbd7 10.Nbd2 b6 11.Qc2 Bb7 12.Rac1 Rac8 13.Qb2 a5 14.Ne5 Nxe5 15.dxe5
Ne4 16.Nf3 c5 17.e3 g5 18.Ne1 dxc4 19.bxc4 g4 20.Nd3 Ng5 21.Nf4 Bxg2 22.
Nxg2 Nf3+ 23.Kh1 Qc7 24.Rcd1 Nxe5 25.e4 fxe4 26.Ne3 h5 27.Ng2 Nd3 28.Qe2 
Qh7 29.Ne1 Ne5 30.Rd6 Qf5 31.Rxb6 e3 32.Qxe3 Nxc4 33.Qxe6+ Qxe6 34.Rxe6 
Nd2 35.Rg1 Rxf2 36.Re5 c4 37.Rxh5 Nf3 38.Nxf3 gxf3 39.Rxa5 c3 40.Rc1 c2 
0-1

[Event "5th Dos Hermanas it"]
[Site "Dos Hermanas ESP"]
[Date "1993.??.??"]
[Round "8"]
[White "Karpov, Anatoly"]
[Black "Polgar, Judit"]
[Result "1-0"]
[WhiteElo "2725"]
[BlackElo "2595"]
[EventDate "1993.04.??"]
[PlyCount "101"]

1.Nf3 Nf6 2.c4 g6 3.g3 Bg7 4.Bg2 O-O 5.O-O d6 6.d4 Nc6 7.Nc3 e5 8.d5 Ne7 
9.b4 Nd7 10.Rb1 a5 11.a3 h6 12.e4 f5 13.exf5 gxf5 14.Nh4 e4 15.Qb3 Ne5 16.
f3 exf3 17.Nxf3 Nd3 18.Bd2 axb4 19.axb4 Ng6 20.Ne2 Nde5 21.Nfd4 Qf6 22.c5 
Rf7 23.Kh1 dxc5 24.bxc5 Qa6 25.c6 bxc6 26.dxc6 Ne7 27.Bf4 Qc4 28.Qxc4 Nxc4
29.Rfc1 Ne5 30.Rb3 Ra4 31.Nb5 N5xc6 32.Rxc6 Nxc6 33.Bxc6 Be6 34.Re3 Bc4 
35.Na3 Ra6 36.Nxc4 Rxc6 37.Ne5 Bxe5 38.Rxe5 Rc4 39.Bxh6 Re4 40.Rxe4 fxe4 
41.Bf4 c5 42.Nc3 c4 43.Nxe4 Ra7 44.Nc3 Rb7 45.Kg1 Rb2 46.h4 Kf7 47.h5 Ke6 
48.h6 Kf6 49.Ne4+ Kg6 50.Kf1 Rh2 51.Ke1 1-0

[Event "5th Dos Hermanas it"]
[Site "Dos Hermanas ESP"]
[Date "1993.??.??"]
[Round "9"]
[White "Epishin, Vladimir"]
[Black "Izeta Txabarri, Felix"]
[Result "1-0"]
[WhiteElo "2620"]
[BlackElo "2505"]
[EventDate "1993.04.??"]
[PlyCount "81"]

1.d4 Nf6 2.c4 e6 3.Nf3 c5 4.d5 d6 5.Nc3 exd5 6.cxd5 g6 7.e4 Bg7 8.h3 O-O 
9.Bd3 Re8 10.O-O Bd7 11.Re1 b5 12.a3 c4 13.Bc2 Na6 14.Be3 Qc7 15.Qd2 Nc5 
16.Bd4 a5 17.e5 dxe5 18.Bxe5 Qd8 19.Qd4 Rc8 20.Ne4 Ncxe4 21.Bxe4 c3 22.Bd3
cxb2 23.Rab1 Rxe5 24.Nxe5 Be6 25.d6 Nd5 26.Rxb2 Qxd6 27.Rxb5 a4 28.g3 Rd8 
29.Bc4 h5 30.Ra5 Kh7 31.Bxd5 Bxd5 32.Rd1 Qc7 33.Rxd5 Bxe5 34.Qe4 Rxd5 35.
Rxd5 Bxg3 36.Rxh5+ Kg7 37.Qd4+ f6 38.Rd5 Qc1+ 39.Kg2 Be5 40.Rd7+ Kf8 41.
Rd8+ 1-0

[Event "5th Dos Hermanas it"]
[Site "Dos Hermanas ESP"]
[Date "1993.??.??"]
[Round "9"]
[White "Khalifman, Alexander"]
[Black "Magem Badals, Jordi"]
[Result "1/2-1/2"]
[WhiteElo "2630"]
[BlackElo "2510"]
[EventDate "1993.04.??"]
[PlyCount "41"]

1.d4 d5 2.Nf3 Nf6 3.c4 dxc4 4.Nc3 e6 5.e4 Bb4 6.Bg5 c5 7.e5 h6 8.Bd2 Bxc3 
9.bxc3 Ne4 10.Bxc4 O-O 11.O-O Nxd2 12.Qxd2 Nc6 13.Bd3 cxd4 14.cxd4 b6 15.
Qf4 Bb7 16.Qe4 g6 17.Qf4 Nb4 18.Qxh6 Bxf3 19.Bxg6 fxg6 20.Qxg6+ Kh8 21.
Qh6+ 1/2-1/2

[Event "5th Dos Hermanas it"]
[Site "Dos Hermanas ESP"]
[Date "1993.??.??"]
[Round "9"]
[White "Rivas Pastor, Manuel"]
[Black "Karpov, Anatoly"]
[Result "1/2-1/2"]
[WhiteElo "2515"]
[BlackElo "2725"]
[EventDate "1993.04.??"]
[PlyCount "41"]

1.c4 e6 2.Nc3 d5 3.d4 Nf6 4.Nf3 Be7 5.Bg5 h6 6.Bh4 O-O 7.Rc1 b6 8.cxd5 
exd5 9.e3 Bb7 10.Bb5 a6 11.Ba4 Nbd7 12.O-O Rc8 13.Bb3 c5 14.dxc5 Nxc5 15.
Bxf6 Bxf6 16.Bxd5 Bxc3 17.Bxb7 Bxb2 18.Bxc8 Bxc1 19.Bxa6 Bxe3 20.Bc4 Bf4 
21.g3 1/2-1/2

[Event "5th Dos Hermanas it"]
[Site "Dos Hermanas ESP"]
[Date "1993.??.??"]
[Round "9"]
[White "Yudasin, Leonid"]
[Black "Adams, Michael"]
[Result "1/2-1/2"]
[WhiteElo "2610"]
[BlackElo "2630"]
[EventDate "1993.04.??"]
[PlyCount "100"]

1.e4 e5 2.Nf3 d6 3.Bc4 Be7 4.d4 exd4 5.Nxd4 Nf6 6.Nc3 O-O 7.O-O a6 8.a4 
Nxe4 9.Nxe4 d5 10.Bd3 dxe4 11.Bxe4 Bf6 12.Be3 Nd7 13.c3 Re8 14.Qc2 g6 15.
Rfe1 Bg7 16.Rad1 c5 17.Ne2 Qc7 18.Nf4 Nf6 19.Nd5 Nxd5 20.Rxd5 b6 21.Rdd1 
Rb8 22.h3 Be6 23.Bd5 Bf5 24.Qe2 b5 25.axb5 axb5 26.Qf3 Rb6 27.b4 Bf8 28.
bxc5 Bxc5 29.Bxf7+ Kxf7 30.Qd5+ Be6 31.Qxc5 Qxc5 32.Bxc5 Rc6 33.Bb4 Rc7 
34.Rd4 Bd7 35.Red1 Be6 36.R1d3 h5 37.Rf3+ Kg7 38.Re3 Bf7 39.Rxe8 Bxe8 40.
f3 Bf7 41.Kf2 Bc4 42.g4 hxg4 43.hxg4 Rf7 44.Kg3 g5 45.Bd6 Be2 46.f4 gxf4+ 
47.Bxf4 Kh7 48.Rd2 Re7 49.g5 Re6 50.Rd8 Kg6 1/2-1/2